| 000 | 004480000a22001690004500 | ||
|---|---|---|---|
| 041 | 0 | _aENG | |
| 082 | 0 | 4 | _aG 252 M1613h |
| 100 | 1 | _aMaclaren, Alexander (1826-1910) | |
| 245 | 1 | 0 | _aThe holy of holies / Alexander Maclaren |
| 260 | _aLondres, Inglaterra : Hodder & Stoughton | ||
| 300 | _a379 Pag | ||
| 001 | 6194 | ||
| 942 | _cBK | ||
| 999 |
_c36478 _d36478 |
||
| 336 |
_atexto _btxt _2rdacontent |
||
| 337 |
_2rdamedia _asin mediación _bn |
||
| 338 |
_2rdacarrier _avolumen _bnc |
||